| 000 | 00685nam a2200217 u 4500 | ||
|---|---|---|---|
| 005 | 20230324063522.0 | ||
| 008 | 091124s2006 fr r 000 0 fre d | ||
| 020 | _a9782090330687 | ||
| 035 | _aUPN01000173918 | ||
| 049 | _aCG | ||
| 050 | 4 |
_aPC2111 _bT3.3 |
|
| 100 | 1 | _aTagliante, Christine | |
| 245 | 1 | 3 |
_aLa classe de langue / _cChristine Tagliante. |
| 260 |
_aParis : _bCLE International, _cc2006. |
||
| 300 |
_a199 p. : _btablas, il. |
||
| 440 | 0 | _aTechniques et pratiques de classe | |
| 590 | _a(También localizas un ejemplar en el "Area de Reserva") | ||
| 590 | _aBibliografía Básica (BGTQ), 2009 | ||
| 650 | 4 |
_aFrancés _xEstudio y enseñanza _913059 |
|
| 905 | _aLibro | ||
| 999 |
_c146022 _d146022 |
||